Venezuela: cinco verdades sobre el 11-A /

Guardat en:
Dades bibliogràfiques
Autor principal: Tomasz Suárez, Roldan
Format: Text
Etiquetes: Afegir etiqueta
Sense etiquetes, Sigues el primer a etiquetar aquest registre!

MARC

LEADER 00000 a a2200000 04500
001 742
003
040
100 |a Tomasz Suárez, Roldan  
245 |a Venezuela:   |b cinco verdades sobre el 11-A /  |c Roldan Tomasz Suárez 
773 |g volumen 26, número 354; páginas 7-10  
999 |c 26577  |d 26577